Royal Horticultural Society encyclopedia of plants and flowers

Bibliographic Details
Corporate Author: Royal Horticultural Society
Other Authors: Brickell, Christopher
Format: Book
Published: London : Dorling Kindersley , 2006.
Subjects:

MARC

LEADER 00000cam a2200000 7i4500
001 0000003611
005 20070920.0
020 0 0 |a 1405314540 
090 0 0 |a R 635.903   |b RHS 
245 0 0 |a Royal Horticultural Society encyclopedia of plants and flowers   |c editors in chief, Christopher Brickell. 
246 3 0 |a Encyclopedia of plants & flowers 
260 0 0 |a London :   |b Dorling Kindersley ,   |c 2006. 
300 |a 743 p. :   |b col. ill. ; ;   |c 30 cm. 
500 0 0 |a Includes indexes. 
650 0 0 |a Plants, Ornamental   |x Encyclopedias. 
650 0 0 |a Plants, Ornamental   |x Pictorial works. 
700 1 1 |a Brickell, Christopher 
710 2 1 |a Royal Horticultural Society. 
999 |a 0000007201   |b Monograph   |c Reference   |e Default branch